000 01685cam a22005174i 4500
003 PE-LiUPU
005 20250731180120.0
008 150623s r 000 0 d
020 _a0060976195
035 _a(Sirsi) i9780060976194
040 _aPE-LiUPU
_bspa
_cPE-LiUPU
_erda
049 _aPRUA
082 0 4 _a510.07
_bF61
_221
100 1 _aFlansburg Scott,
_eautor.
245 1 0 _aMath Magic :
_bthe human calculator shows how to master everyday math problems in seconds /
_cScott Flansburg.
264 1 _aNew York, NY :
_bHarperPerennial,
_c1994.
300 _a350 p. :
_bcuadros, tablas, diagrámas ;
_c21 centímetros
300 _aCD-ROM
336 _atext
_2rdacontent
337 _aunmediated
_2rdamedia
338 _avolume
_2rdacarrier
505 0 _aThe basics. -Parts of numbers. -Handy things to know. -Math in real life. -The next step.
526 _aSEG44
526 _aSEG26
526 _aP159
526 _aP155
526 _aP154
526 _aP153
526 _aP150
526 _aP100
526 _aP31
526 _aP30
526 _aP26
526 _aP25
526 _aP24
526 _aP22
526 _aP15
526 _aP10
650 0 4 _aMatemáticas
_xEstudio y enseñanza.
942 _2ddc
_cBOOK
949 _a510.07 F61
_wDEWEY
_c1
_i52197
_lCCODEBUL1
_mBUL
_p7.00
_r0
_sY
_tBOOK
_u2015-6-24
_xTEOLOGIA
_PP35
_0COMPRA
_o.STAFF. Colección General
994 _aC0
_bPEPRU
596 _a1
999 _a510.07 F61
_wDEWEY
_c34008
_i52197
_f2021-11-5
_g5
_lCCODEBUL1
_mBUL
_p7.00
_r0
_sY
_tBOOK
_u2015-6-24
_xBIBLIOTECA
_PP35
_0COMPRA
_o.STAFF. Colección General
_d34008
980 _81
_gALBERTO SANCHEZ Responsable de Automatización